[Event "SVK-chT2C 0607"]
[Site "Slovakia"]
[Date "2006.10.14"]
[Round "1.3"]
[White "Paluch, Jozef"]
[Black "Ambros, Jakub"]
[Result "1-0"]
[WhiteElo "1980"]
[BlackElo "1798"]
[PlyCount "26"]
[EventDate "2006.10.14"]
[EventType "team-tourn"]
[EventRounds "11"]
[EventCountry "SVK"]
[SourceTitle "EXT 2008"]
[Source "ChessBase"]
[SourceDate "2007.11.25"]
[SourceVersion "1"]
[SourceVersionDate "2007.11.25"]
[SourceQuality "1"]
[WhiteTeam "Zilina DMS"]
[BlackTeam "Podbrezova ZP Sport"]
[WhiteTeamCountry "SVK"]
[BlackTeamCountry "SVK"]

1. Nf3 d6 2. e4 Nf6 3. Nc3 g6 4. d4 Bg7 5. Bg5 0-0 6. Qd2 Nc6 7. Bh6 e5 8. d5 Ne7 9. 0-0-0 a6 10. h4 b5 11. h5 b4 12. hxg6 bxc3 13. gxh7+ Kh8 1-0

[Event "SVK-chT2C 0506"]
[Site "Slovakia"]
[Date "2006.02.12"]
[Round "9.5"]
[White "Paluch, Jozef"]
[Black "Seget, Milan"]
[Result "1/2-1/2"]
[WhiteElo "1975"]
[BlackElo "2022"]
[PlyCount "139"]
[EventDate "2005.10.22"]
[EventType "team-tourn"]
[EventRounds "11"]
[EventCountry "SVK"]
[SourceTitle "EXT 2009"]
[Source "ChessBase"]
[SourceDate "2008.11.26"]
[SourceVersion "1"]
[SourceVersionDate "2008.11.26"]
[SourceQuality "1"]

1. Nf3 d5 2. c4 c6 3. b3 Bf5 4. Bb2 e6 5. g3 Nf6 6. Bg2 Nbd7 7. 0-0 Bd6 8. d3 Qc7 9. Nc3 0-0 10. Rc1 Rad8 11. Nh4 dxc4 12. Nxf5 exf5 13. bxc4 f4 14. e3 fxe3 15. fxe3 Rfe8 16. Ne4 Nxe4 17. Bxe4 Nc5 18. Bxg7 Rxe4 19. dxe4 Kxg7 20. Qg4+ Kh8 21. Rf5 Be5 22. Rcf1 f6 23. Qh4 Qe7 24. Rh5 Rg8 25. Rff5 Rg7 26. Rf1 Nd7 27. Rd1 Qe6 28. Rf5 Re7 29. Rf2 Re8 30. Rfd2 Nc5 31. Qh6 Bc3 32. Rd6 Qxe4 33. Rd8 Qe7 34. Rxe8+ Qxe8 35. Qf4 Be5 36. Qf5 Qe6 37. Rd8+ Kg7 38. Qxe6 Nxe6 39. Rd7+ Kg6 40. Rxb7 a5 41. Ra7 Bc3 42. Ra6 Nd8 43. Kf2 c5 44. Kf3 Nf7 45. a3 Kf5 46. Ra7 Ne5+ 47. Ke2 Nxc4 48. Rc7 Nxa3 49. Rxc5+ Be5 50. Rxa5 Nc4 51. Ra4 Nd6 52. Kf3 Nf7 53. h4 Bc3 54. g4+ Kg6 55. Kf4 Be5+ 56. Kf3 h5 57. Ra7 hxg4+ 58. Kxg4 Nh6+ 59. Kf3 Nf5 60. Ra4 Kh5 61. Ke4 Nxh4 62. Ra5 Ng6 63. Kf5 Bc3 64. Rc5 Be5 65. Rb5 Nh4+ 66. Ke6 Nf3 67. Kf5 Kh4 68. Rb6 Kg3 69. Rxf6 Bxf6 70. Kxf6 1/2-1/2

[Event "SVK-chT2C 0506"]
[Site "Slovakia"]
[Date "2005.12.17"]
[Round "5.2"]
[White "Hrnciar, Roman"]
[Black "Paluch, Jozef"]
[Result "1/2-1/2"]
[WhiteElo "2095"]
[BlackElo "1975"]
[PlyCount "93"]
[EventDate "2005.10.22"]
[EventType "team-tourn"]
[EventRounds "11"]
[EventCountry "SVK"]
[SourceTitle "EXT 2009"]
[Source "ChessBase"]
[SourceDate "2008.11.26"]
[SourceVersion "1"]
[SourceVersionDate "2008.11.26"]
[SourceQuality "1"]

1. f4 d5 2. e3 Nf6 3. Nf3 Bg4 4. b3 e6 5. Bb2 Be7 6. Be2 0-0 7. 0-0 c5 8. Ne5 Bxe2 9. Qxe2 Nc6 10. d3 Nd7 11. Nxc6 bxc6 12. Nd2 Bf6 13. d4 cxd4 14. exd4 c5 15. Nf3 Qc7 16. c3 a5 17. Ne5 Bxe5 18. fxe5 a4 19. b4 a3 20. Bc1 cxd4 21. cxd4 Qb6 22. Be3 Qxb4 23. Rab1 Qa4 24. Qb5 Qxb5 25. Rxb5 Rfb8 26. Rfb1 f6 27. Rb7 fxe5 28. dxe5 Rxb7 29. Rxb7 Nxe5 30. Bd4 Nc6 31. Rxg7+ Kf8 32. Rxh7 Ra5 33. Bf6 d4 34. Rc7 d3 35. Rd7 Rc5 36. Rxd3 Rc1+ 37. Kf2 Rc2+ 38. Kg3 Rxa2 39. h4 Kf7 40. Bc3 Rc2 41. Rf3+ Kg8 42. Ba1 a2 43. Rc3 Rxc3+ 44. Bxc3 Nb4 45. Kf4 Nc2 46. Ke5 Kf7 47. h5 1/2-1/2

[Event "SVK-chT2C 0506"]
[Site "Slovakia"]
[Date "2005.11.27"]
[Round "4.5"]
[White "Daubner, Jakub"]
[Black "Paluch, Jozef"]
[Result "1/2-1/2"]
[WhiteElo "2139"]
[BlackElo "1975"]
[PlyCount "45"]
[EventDate "2005.10.22"]
[EventType "team-tourn"]
[EventRounds "11"]
[EventCountry "SVK"]
[SourceTitle "EXT 2009"]
[Source "ChessBase"]
[SourceDate "2008.11.26"]
[SourceVersion "1"]
[SourceVersionDate "2008.11.26"]
[SourceQuality "1"]

1. c4 Nf6 2. Nc3 e6 3. e4 Bb4 4. e5 Ng8 5. Nf3 Bxc3 6. bxc3 d6 7. d4 dxe5 8. Nxe5 Ne7 9. Be2 Nd7 10. Bf4 0-0 11. 0-0 b6 12. Bf3 Rb8 13. Qa4 a5 14. c5 Nxe5 15. Bxe5 Bd7 16. Qa3 Bc6 17. cxb6 Rxb6 18. Qxa5 Bxf3 19. gxf3 Nc6 20. Qc5 Nxe5 21. Qxe5 Qa8 22. Qe4 Qa5 23. Rfc1 1/2-1/2

[Event "SVK-chT2C 0506"]
[Site "Slovakia"]
[Date "2005.11.26"]
[Round "3.5"]
[White "Paluch, Jozef"]
[Black "Rzeszoto, Rastislav"]
[Result "1-0"]
[WhiteElo "1975"]
[BlackElo "1985"]
[PlyCount "74"]
[EventDate "2005.10.22"]
[EventType "team-tourn"]
[EventRounds "11"]
[EventCountry "SVK"]
[SourceTitle "EXT 2009"]
[Source "ChessBase"]
[SourceDate "2008.11.26"]
[SourceVersion "1"]
[SourceVersionDate "2008.11.26"]
[SourceQuality "1"]

1. Nf3 Nf6 2. g3 g6 3. Bg2 Bg7 4. c4 d5 5. 0-0 0-0 6. d3 c6 7. Nc3 dxc4 8. dxc4 Qxd1 9. Nxd1 Be6 10. b3 Rd8 11. Ba3 Ne4 12. Rc1 Bf6 13. Bb2 Na6 14. Bxf6 exf6 15. Ne3 Rd6 16. Rfd1 Rad8 17. Kf1 Nb4 18. Rxd6 Rxd6 19. a3 Na2 20. Rc2 Nac3 21. Ke1 Kg7 22. Nd2 f5 23. f3 Nxd2 24. Rxd2 Rxd2 25. Kxd2 Nb1+ 26. Kc2 Nxa3+ 27. Kb2 Nxc4+ 28. Nxc4 b6 29. f4 c5 30. Bc6 f6 31. Ka3 g5 32. e3 h5 33. Ka4 h4 34. Kb5 Bf7 35. Ka6 Bh5 36. Kxa7 Bd1 37. Nd2 Be2 1-0

[Event "SVK-chT2C 0506"]
[Site "Slovakia"]
[Date "2005.10.22"]
[Round "1.3"]
[White "Zuberec, Milan"]
[Black "Paluch, Jozef"]
[Result "1-0"]
[WhiteElo "2169"]
[BlackElo "1975"]
[PlyCount "111"]
[EventDate "2005.10.22"]
[EventType "team-tourn"]
[EventRounds "11"]
[EventCountry "SVK"]
[SourceTitle "EXT 2009"]
[Source "ChessBase"]
[SourceDate "2008.11.26"]
[SourceVersion "1"]
[SourceVersionDate "2008.11.26"]
[SourceQuality "1"]

1. e4 d5 2. exd5 Nf6 3. Nc3 Nxd5 4. d4 Nxc3 5. bxc3 c5 6. Nf3 cxd4 7. cxd4 g6 8. Be3 Bg7 9. Rb1 Qa5+ 10. Qd2 Qxa2 11. Bb5+ Nc6 12. 0-0 0-0 13. Bh6 Bf5 14. Bxg7 Kxg7 15. Bd3 Bxd3 16. Qxd3 Qd5 17. c4 Qd7 18. d5 Nd8 19. Rfe1 b6 20. Re4 f6 21. Qe3 Re8 22. Re1 Nf7 23. Nd4 Rac8 24. Ne6+ Kg8 25. Rh4 b5 26. Qh3 Ng5 27. Nxg5 Qxh3 28. Nxh3 bxc4 29. Rc1 c3 30. Ra4 Rc7 31. Kf1 Rd8 32. Nf4 Rdd7 33. Ra5 Kf7 34. Ke2 Rc4 35. Ne6 Re4+ 36. Kf3 Re5 37. Rxc3 Rexd5 38. Rxd5 Rxd5 39. Nf4 Ra5 40. Ke3 Ra4 41. Nd5 Ke6 42. Nf4+ Kf5 43. Ne2 e5 44. Ng3+ Kg5 45. Ne4+ Kf5 46. f3 g5 47. Rc6 Kg6 48. Rxf6+ Kg7 49. Re6 Ra2 50. Rxe5 h6 51. Re7+ Kg6 52. g3 a5 53. Ra7 h5 54. Ra6+ Kf5 55. Rf6+ Ke5 56. f4+ 1-0